000 00335nam a2200145Ia 4500
003 OSt
005 20240312150139.0
008 170524s9999 xx 000 0 und d
020 _a9789332575264
040 _cIIMTU
100 _aFranch- Wendell L.
245 0 _aOrganization Development
260 _bNEW DELHI : PHI
942 _2ddc
_c02
999 _c8589
_d8589